Normal view
MARC view
Entry Topical Term
001 - CONTROL NUMBER
- control field: 16419
003 - CONTROL NUMBER IDENTIFIER
- control field: dpl
005 - DATE AND TIME OF LATEST TRANSACTION
- control field: 20100823155853.0
008 - FIXED-LENGTH DATA ELEMENTS
- fixed length control field: 100823|||a|||||| | ||| d
040 ## - CATALOGING SOURCE
- Original cataloging agency: dpl
- Transcribing agency: dpl
150 ## - HEADING--TOPICAL TERM
- Topical term or geographic name as entry element: Armenians
- General subdivision: Politics & Government
670 ## - SOURCE DATA FOUND
- Source citation: Work cat.: (dpl)43033: Mammadova, Havva 16417, Khodjaly :, 2006
670 ## - SOURCE DATA FOUND
- Source citation: Work cat.: (dpl)43033: Mammadova, Havva 16417, Khodjaly :, 2006
